|
|
|
|
| LEADER |
00764ncm a22002172a 4500 |
| 001 |
001261089 |
| 003 |
CZ BrMZK |
| 005 |
20121026091713.0 |
| 007 |
qu |
| 008 |
980105s1992 xo f zxx d |
| 040 |
|
|
|a BOA001
|b cze
|
| 072 |
|
7 |
|a 787
|x Hudba pro strunné a smyčcové nástroje
|2 Konspekt
|9 9
|
| 100 |
1 |
|
|a Patejdl, Vašo,
|d 1954-2023
|7 xx0015218
|4 cmp
|
| 245 |
1 |
0 |
|a Klávesová škola Casio.
|n Díl 1
|h [hudebnina] :
|b jednohlasé melodie s akordeonovými značkami /
|c Václav Patejdl
|
| 250 |
|
|
|a 1. vyd.
|
| 260 |
|
|
|a Bratislava :
|b Slovenský hudobný fond,
|c 1992
|
| 300 |
|
|
|a 15 s.
|
| 910 |
|
|
|a BOA001
|b Mus4-0997.945,1
|
| 990 |
|
|
|a MU
|
| 991 |
|
|
|b 201210
|
| 996 |
6 |
|
|b 2619062083
|c Mus4-0997.945,1
|l MZK
|r Sklad / do 1 hodiny
|n 1
|w 001294926
|u 000010
|a 1
|e BOA001
|j MZK50
|s P
|